Accions de sostenibilitat energètica : recursos d'implantació recursos d'implantació
Descripción Física:
23 p. : quadres ; 29 cm
MARC
| LEADER | 00000nam a2200000Ia 4500 | ||
|---|---|---|---|
| 001 | 22598 | ||
| 008 | 160829s2010 xx 000 0 cat d | ||
| 080 | |a FU-57-22 | ||
| 245 | |a Accions de sostenibilitat energètica : |b recursos d'implantació | ||
| 260 | |a Barcelona : |b Diputació de Barcelona. Àrea de Medi Ambient, |c 2010 | ||
| 300 | |a 23 p. : |b quadres ; |c 29 cm | ||
| 590 | |a A la coberta: Pacte dels alcaldes per una energia sostenible local | ||
| 650 | 0 | |a Canvis climàtics |9 44576 | |
| 650 | 0 | |a Desenvolupament sostenible |9 23028 | |
| 710 | |a Barcelona (Catalunya : Província). |b Àrea de Medi Ambient |9 52987 | ||
| 901 | |a Arxiu | ||
| 942 | |n 1 | ||
| 952 | |0 0 |1 0 |4 0 |6 FU5722 |7 1 |9 52012 |a Arxiu |b Arxiu |d 2016-12-01 |l 0 |o FU-57-22 |p 22598 |r 2016-12-01 00:00:00 |w 2016-12-01 |y ARXIU | ||
| 999 | |c 55860 |d 55860 | ||